000 00914cam a2200301 i 4500
001 768714001
003 CO-MdFUSB
005 20250527152009.0
007 ta
008 250527t1973 -us||||| |||| 00| 0 eng d
020 _a0-8007-8180-5
040 _cCO-MdFUSB
041 0 _aeng
082 0 4 _223
_a248.4
_bP954s
100 1 _aPrince, Derek
_eautor
245 1 0 _aShaping history through prayer and fasting :
_bhow christians can change world events through the simpel yet powerful tools of prayer and fasting
_c/ Derek Prince
264 1 _aOld Tappan, New Jersey, USA :
_bFleming H. Revell,
_c[1975]
264 4 _c©1975
300 _a160 páginas
336 _atexto
_btxt
_2rdacontent
337 _2rdamedia
_asin mediación
_bn
338 _2rdacarrier
_avolumen
_bnc
563 _aRústico
650 0 _aVida cristiana
_919
942 _cBK
945 _aMiguel Gómez
999 _c35923
_d35923